Application of the DEA Model in Tourism SMEs: An Empirical Study From Slovakia in the Context of Business Sustainability
Hodnotenie celkovej úrovne efektívnosti kúpeľných spoločností pôsobiacich na Slovensku pomocou modelov DEA. Pojem efektivita podnikania. Prístupy k meraniu efektivity podnikania.
Gespeichert in:
| 1. Verfasser: | |
|---|---|
| Weitere Verfasser: | , , , , , |
| Format: | Buchkapitel |
| Sprache: | Englisch |
| Schlagworte: | |
| Tags: |
Keine Tags, Fügen Sie das erste Tag hinzu!
|
MARC
| LEADER | 00000naa a2200000 4500 | ||
|---|---|---|---|
| 001 | 0278303 | ||
| 005 | 20240502083843.5 | ||
| 041 | 0 | |a eng | |
| 044 | |a CH | ||
| 245 | 1 | 0 | |a Application of the DEA Model in Tourism SMEs: An Empirical Study From Slovakia in the Context of Business Sustainability |c Ján Dobrovič, Veronika Čabinová, Peter Gallo ml., Petra Pártlová, Jan Váchal, Beáta Balogová, Jozef Orgonáš |
| 520 | |a Hodnotenie celkovej úrovne efektívnosti kúpeľných spoločností pôsobiacich na Slovensku pomocou modelov DEA. Pojem efektivita podnikania. Prístupy k meraniu efektivity podnikania. | ||
| 610 | 2 | 0 | |a podnikanie |
| 610 | 2 | 0 | |a podnik stredný |
| 610 | 2 | 0 | |a podnik malý |
| 610 | 2 | 0 | |a benchmarking |
| 610 | 2 | 0 | |a ruch cestovný |
| 610 | 2 | 0 | |a kúpele |
| 610 | 2 | 0 | |a kúpeľníctvo |
| 100 | 1 | |a Dobrovič, Ján | |
| 700 | 1 | |a Čabinová, Veronika | |
| 700 | 1 | |a Gallo, Peter, ml. | |
| 700 | 1 | |a Pártlová, Petra | |
| 700 | 1 | |a Váchal, Jan | |
| 700 | 1 | |a Balogová, Beáta | |
| 700 | 1 | |a Orgonáš, Jozef, 1957- | |